000 00598nam a2200229Ia 4500
003 OSt
005 20220918215928.0
006 a|||||r|||| 00| 0
007 ta
008 220917b |||||||| |||| 00| 0 eng d
024 _a143,434
037 _cTextual
040 _aARTS
_cARTS
_beng
041 _2eng
_aeng
082 _aY158, K7-;1
100 _aBlalock Hubert M
_9131137
245 0 _aTowards a theory of minority group relations
260 _aNA
_bNA
_c1967
650 _aSOCIOLOGY
942 _hY158, K7-;1
_cTEXL
_2CC
999 _c266387
_d266387